Les séries de France 3 - Statistiques

Statistiques générales
  • Ce quiz a été pris 20 fois
  • Le résultat moyen est 5 sur 34
Statistiques - réponses
Année Indices Titre % Correct
2004 Marseille - Mistral - Quotidien Plus belle la vie
82%
1998 Tub - Lyonnais - Victor Lanoux Louis la Brocante
53%
2015 Détenue - Future magistrate - Michèle Bernier La Stagiaire
41%
2015 Commissaire - Alpes - Gwendoline Hamon Cassandre
35%
2013 Ancien magistrat - Bordeaux - Francis Perrin Mongeville
35%
2009 Histoire - Occupation - Jura Un village français
35%
2009 Saignac - Nord - Policier Commissaire Magellan
29%
2001 Ferrière - Bordelais - Enfants assistés Famille d'accueil
29%
2015 Capitaine - Chti - Gendarme Capitaine Marleau
24%
2019 Commandant - Disponibilité - Itinérant Le Voyageur
24%
2016 Divorcés - Montpellier - Policiers Tandem
24%
2011 Vignobles - Oenologue - Pierre Arditi Le sang de la vigne
18%
2013 Région - Policier - Ville Meurtres à...
18%
2018 Médecin légiste - Stagiaire - Julie Depardieu Alexandra Ehle
12%
2017 Duo - Assassin connu - Faille Crimes parfaits
12%
1995 Remplaçant - Médecin - Itinérant Docteur Sylvestre
12%
2014 Régions - Meurtres - Florence Pernel Crime à
6%
2001 Médecin - Remplaçant - Louis Karim-Nébati Fabien Cosma
6%
2020 Policière - Novice - Religion Prière d'enquêter
6%
1998 Héritage - Enquête - Philippe Volter Chercheur d'héritiers
0%
1994 Policier - Détention - Serge Lama En garde à vue
0%
2009 Gendarmerie - Marseille - Jérôme Anger Enquêtes réservées
0%
2016 Avocat - Cause difficile - Prénom La loi de...
0%
2019 Réunion - Géraniums - Piton de la Fournaise La malédiction du volcan
0%
2010 Stripteaseuse - Village - Retour La Nouvelle Maud
0%
2015 Coup de grisou - Filles - Vérité La vie devant elles
0%
2002 Provence - Taureaux - Commissaire Le Camarguais
0%
2006 Commissaire - Modeste - Provence Les enquêtes du commissaire Laviolette
0%
2017 Policier - Sud - Régional Les Mystères de...
0%
1995 Gentleman-Cambrioleur - Maurice Leblanc - François Dunoyer Les nouveaux exploits d'Arsène Lupin
0%
2008 Disparitions - Enquête - Jacques Gamblin Les Oubliées
0%
1997 Colonie - Abbaye - Enfants Nos plus belles vacances
0%
2014 Généalogiste - Enquêtes - Micky Sébastian Origines
0%
2019 Institutrice - Victoire - Village natal Soupçons
0%
Aucun quiz correspondant
Distribution des résultats
% des personnes avec chaque résultat
Percentile par nombre de réponses
Votre historique - résultats
Vous n’avez pas pris ce quiz